[Event "RUS-ch Seniors"]
[Site "Odintsovo"]
[Date "2008.10.11"]
[Round "9"]
[White "Degtiarev, Viktor"]
[Black "Bondar, Anatoly T"]
[Result "0-1"]
[WhiteElo "1894"]
[BlackElo "2153"]
[PlyCount "88"]
[EventDate "2008.10.02"]
[EventType "swiss"]
[EventRounds "9"]
[EventCountry "RUS"]
[SourceTitle "CBM 127 Extra"]
[Source "ChessBase"]
[SourceDate "2009.01.08"]
[SourceVersion "2"]
[SourceVersionDate "2009.01.28"]
[SourceQuality "1"]

1. e4 Nc6 2. g3 d5 3. exd5 Qxd5 4. Qf3 Qxf3 5. Nxf3 Bg4 6. Bg2 0-0-0 7. c3 e5 8. 0-0 f6 9. Re1 Bc5 10. b4 Bb6 11. a4 a6 12. Na3 Rd3 13. Nh4 Nge7 14. Nc4 Ba7 15. b5 Nd8 16. Ba3 Ng6 17. Nxg6 hxg6 18. Rab1 Be6 19. b6 cxb6 20. Nxb6+ Kc7 21. Bc5 Rxd2 22. Nc4 Bxc4 23. Bxa7 Bd5 24. Bb6+ Kc8 25. Be3 Rd3 26. Red1 Rxd1+ 27. Rxd1 Bxg2 28. Kxg2 Nc6 29. Bb6 Re8 30. h4 Re7 31. Bc5 Rf7 32. g4 Nd8 33. Kf3 Ne6 34. Bb4 Rd7 35. Rxd7 Kxd7 36. Ke4 Kc6 37. g5 Nc5+ 38. Ke3 Nxa4 39. f4 Kd5 40. Bf8 fxg5 41. hxg5 exf4+ 42. Kxf4 Nxc3 43. Bxg7 Ne4 44. Bf6 Nxf6 0-1

[Event "RUS-ch Seniors"]
[Site "Odintsovo"]
[Date "2008.10.03"]
[Round "2"]
[White "Malov, Lev Pavlovich"]
[Black "Bondar, Anatoly T"]
[Result "1-0"]
[WhiteElo "2042"]
[BlackElo "2153"]
[PlyCount "66"]
[EventDate "2008.10.02"]
[EventType "swiss"]
[EventRounds "9"]
[EventCountry "RUS"]
[SourceTitle "CBM 127 Extra"]
[Source "ChessBase"]
[SourceDate "2009.01.08"]
[SourceVersion "2"]
[SourceVersionDate "2009.01.28"]
[SourceQuality "1"]

1. d4 g6 2. Nf3 f5 3. h4 Nf6 4. h5 gxh5 5. Bg5 Bg7 6. Bxf6 Bxf6 7. e4 d6 8. Ng5 Bxg5 9. Qxh5+ Kd7 10. Qxg5 c6 11. Qxf5+ Kc7 12. Qf7 Nd7 13. Rxh7 Rxh7 14. Qxh7 Nf6 15. Qh4 Qg8 16. Nc3 b5 17. a3 a5 18. g3 Rb8 19. b4 Ra8 20. 0-0-0 axb4 21. axb4 Bg4 22. Re1 Qg7 23. Qh1 Nd7 24. e5 Ra1+ 25. Kd2 Rxe1 26. Kxe1 dxe5 27. Qe4 exd4 28. Ne2 Bxe2 29. Bxe2 e5 30. Bf3 Qf6 31. Bg4 Nb6 32. Qh7+ Kd6 33. Qb7 Nd7 1-0

[Event "Wch Seniors 16th"]
[Site "Arvier"]
[Date "2006.09.22"]
[Round "11"]
[White "Bondar, Anatoly T"]
[Black "Arkhangelsky, Boris Nikolaevich"]
[Result "0-1"]
[WhiteElo "2165"]
[BlackElo "2395"]
[PlyCount "118"]
[EventDate "2006.09.11"]
[EventType "swiss"]
[EventRounds "11"]
[EventCountry "ITA"]
[SourceTitle "CBM 114 Extra"]
[Source "ChessBase"]
[SourceDate "2006.11.03"]
[SourceVersion "1"]
[SourceVersionDate "2006.11.03"]
[SourceQuality "1"]

1. e4 c5 2. Nc3 Nc6 3. g3 g6 4. Bg2 Bg7 5. d3 d6 6. f4 e6 7. Nf3 Nge7 8. 0-0 0-0 9. Be3 Nd4 10. Qd2 Rb8 11. Nd1 b5 12. Nh4 f5 13. c3 Ndc6 14. Nf2 b4 15. Nf3 bxc3 16. bxc3 Qa5 17. Rac1 Bd7 18. g4 Rb6 19. gxf5 exf5 20. Nd1 Rfb8 21. e5 dxe5 22. fxe5 Be6 23. Ng5 Bd5 24. Bxd5+ Nxd5 25. Qg2 Nce7 26. d4 Rd8 27. Qh3 h6 28. dxc5 Rc6 29. Nf3 Nxe3 30. Nxe3 Qxc5 31. Nd4 Ra6 32. Rfe1 Nd5 33. Kh1 Re8 34. Qg2 Nxe3 35. Rxe3 Rxe5 36. Rg3 Qd5 37. Qxd5+ Rxd5 38. Rcg1 Kf7 39. Nb3 g5 40. c4 Re5 41. R3g2 f4 42. c5 Bf8 43. Rc2 Rc6 44. Rgc1 Kf6 45. Kg2 g4 46. Rc4 Kg5 47. Nd4 Rc7 48. c6 f3+ 49. Kf2 Kf6 50. R1c2 h5 51. h3 Bd6 52. hxg4 hxg4 53. Nb3 Rh5 54. Ke3 Re7+ 55. Re4 Rxe4+ 56. Kxe4 Re5+ 57. Kd4 Re2 58. Rc1 f2 59. Rf1 g3 0-1

[Event "Wch Seniors 16th"]
[Site "Arvier"]
[Date "2006.09.13"]
[Round "3"]
[White "Bondar, Anatoly T"]
[Black "Westerinen, Heikki MJ"]
[Result "0-1"]
[WhiteElo "2165"]
[BlackElo "2378"]
[PlyCount "114"]
[EventDate "2006.09.11"]
[EventType "swiss"]
[EventRounds "11"]
[EventCountry "ITA"]
[SourceTitle "CBM 114 Extra"]
[Source "ChessBase"]
[SourceDate "2006.11.03"]
[SourceVersion "1"]
[SourceVersionDate "2006.11.03"]
[SourceQuality "1"]

1. f4 Nf6 2. Nf3 g6 3. d3 d5 4. g3 Bg7 5. Bg2 0-0 6. 0-0 Nc6 7. c3 Qd6 8. d4 Ne4 9. Nbd2 Nxd2 10. Bxd2 Na5 11. Ne5 f6 12. b4 Nc6 13. Nxc6 Qxc6 14. Qb3 Be6 15. g4 Rad8 16. f5 Bf7 17. a4 e6 18. Rf3 Rfe8 19. e3 Qd7 20. Raf1 c6 21. Qd1 gxf5 22. Rg3 fxg4 23. Qxg4 Bg6 24. Bh3 Qe7 25. Be1 e5 26. Qd1 exd4 27. cxd4 Kh8 28. Bf5 Bxf5 29. Rxf5 Bh6 30. Bf2 Rg8 31. Qf3 Rxg3+ 32. hxg3 Bg5 33. Kg2 Kg7 34. Qg4 Re8 35. b5 Qe4+ 36. Qxe4 Rxe4 37. Rf3 cxb5 38. axb5 Kg6 39. Kf1 Re6 40. e4 dxe4 41. Ra3 e3 42. Be1 a6 43. Ke2 axb5 44. d5 Rd6 45. Rd3 Kf7 46. Bb4 Rd7 47. d6 Ke6 48. Rc3 f5 49. Rc8 f4 50. Re8+ Kd5 51. Re7 fxg3 52. Kf3 Bxe7 53. dxe7 Rxe7 54. Bxe7 Kc4 55. Kxg3 b4 56. Kf3 b3 57. Bf6 Kd3 0-1

[Event "Wch Seniors 16th"]
[Site "Arvier"]
[Date "2006.09.12"]
[Round "2"]
[White "Jakobsen, Ole"]
[Black "Bondar, Anatoly T"]
[Result "1/2-1/2"]
[WhiteElo "2387"]
[BlackElo "2165"]
[PlyCount "76"]
[EventDate "2006.09.11"]
[EventType "swiss"]
[EventRounds "11"]
[EventCountry "ITA"]
[SourceTitle "CBM 114 Extra"]
[Source "ChessBase"]
[SourceDate "2006.11.03"]
[SourceVersion "1"]
[SourceVersionDate "2006.11.03"]
[SourceQuality "1"]

1. d4 g6 2. e4 Bg7 3. c4 c5 4. d5 d6 5. Bd3 Nf6 6. Nc3 0-0 7. h3 e6 8. Nf3 exd5 9. cxd5 a6 10. a4 Re8 11. 0-0 Nbd7 12. Re1 h6 13. Bf4 Qc7 14. Qd2 g5 15. Bh2 g4 16. hxg4 Nxg4 17. Bf4 Nde5 18. Nxe5 Nxe5 19. Be2 Kh7 20. Bg3 Bf6 21. a5 Rg8 22. Na4 Bg4 23. Nb6 Rae8 24. Ra3 Bxe2 25. Rxe2 Rg6 26. Bxe5 Bxe5 27. Rh3 Reg8 28. f4 Bd4+ 29. Kh2 Qe7 30. Nc4 Qf6 31. e5 Qf5 32. exd6 Qb1 33. Ne3 Rxd6 34. Re1 Qg6 35. b3 Re8 36. Rg3 Qh5+ 37. Rh3 Qg6 38. Rg3 Qh5+ 1/2-1/2

[Event "RUS-ch Seniors"]
[Site "Zvenigorod"]
[Date "2005.12.03"]
[Round "5"]
[White "Dolgiy, Oleg"]
[Black "Bondar, Anatoly T"]
[Result "0-1"]
[WhiteElo "2280"]
[BlackElo "2144"]
[PlyCount "90"]
[EventDate "2005.11.28"]
[EventType "swiss"]
[EventRounds "7"]
[EventCountry "RUS"]
[SourceTitle "EXT 2007"]
[Source "ChessBase"]
[SourceDate "2006.11.23"]
[SourceVersion "1"]
[SourceVersionDate "2006.11.23"]
[SourceQuality "1"]

1. e4 d6 2. d4 Nf6 3. Nc3 Nc6 4. Bg5 g6 5. Nf3 Bg7 6. h3 a6 7. a3 b5 8. Qd2 h6 9. Be3 d5 10. exd5 Nxd5 11. Nxd5 Qxd5 12. Rc1 Bb7 13. c4 bxc4 14. Bxc4 Qd6 15. 0-0 g5 16. Rfd1 Rd8 17. Qe2 0-0 18. Bxa6 Bxa6 19. Qxa6 Nxd4 20. Qxd6 Nxf3+ 21. gxf3 Rxd6 22. Rxd6 cxd6 23. Rb1 Ra8 24. b4 Rxa3 25. b5 Ra1 26. Rxa1 Bxa1 27. b6 Be5 28. b7 d5 29. Ba7 f6 30. b8Q+ Bxb8 31. Bxb8 e5 32. Bd6 Kf7 33. Kf1 Ke6 34. Bf8 h5 35. Ke2 f5 36. Bh6 Kf6 37. Kd3 h4 38. Ke2 d4 39. Bf8 g4 40. fxg4 fxg4 41. Bb4 gxh3 42. Kf1 Kf5 43. Kg1 Kg4 44. Bd6 d3 45. Bb4 Kf3 0-1

[Event "RUS-ch Seniors"]
[Site "Zvenigorod"]
[Date "2005.11.28"]
[Round "1"]
[White "Onoprienko, Vladimir"]
[Black "Bondar, Anatoly T"]
[Result "1/2-1/2"]
[WhiteElo "2343"]
[BlackElo "2144"]
[PlyCount "48"]
[EventDate "2005.11.28"]
[EventType "swiss"]
[EventRounds "7"]
[EventCountry "RUS"]
[SourceTitle "EXT 2007"]
[Source "ChessBase"]
[SourceDate "2006.11.23"]
[SourceVersion "1"]
[SourceVersionDate "2006.11.23"]
[SourceQuality "1"]

1. e4 Nc6 2. d4 d5 3. Nc3 dxe4 4. d5 Ne5 5. Qd4 Ng6 6. Be3 Nf6 7. 0-0-0 a6 8. Nxe4 Nxe4 9. Qxe4 Qd6 10. f4 f5 11. Qd4 e6 12. Bc4 b5 13. Bb3 Bb7 14. Nf3 Bxd5 15. Bxd5 exd5 16. Qxd5 Qxd5 17. Rxd5 Bd6 18. Rxf5 Ne7 19. Rh5 g6 20. Rh3 0-0 21. Rd1 Nf5 22. Bd2 Rae8 23. Re1 Rxe1+ 24. Nxe1 Nd4 1/2-1/2

[Event "EU-ch Seniors 03rd"]
[Site "Saint Vincent"]
[Date "2003.09.23"]
[Round "7"]
[White "Kaminik, Aleksandar"]
[Black "Bondar, Anatoly T"]
[Result "1-0"]
[WhiteElo "2273"]
[BlackElo "2156"]
[PlyCount "58"]
[EventDate "2003.09.17"]
[EventType "swiss"]
[EventRounds "9"]
[EventCountry "ITA"]
[SourceTitle "CBM 096 Extra"]
[Source "ChessBase"]
[SourceDate "2003.10.22"]
[SourceVersion "2"]
[SourceVersionDate "2003.10.20"]
[SourceQuality "1"]

1. d4 f5 2. g3 Nf6 3. Bg2 g6 4. Nh3 Bg7 5. 0-0 0-0 6. c4 c5 7. d5 d6 8. Nc3 Na6 9. Nf4 Nc7 10. e4 Rb8 11. a4 Qe8 12. Qe2 g5 13. Nd3 h6 14. e5 dxe5 15. Qxe5 Na6 16. Qe2 b6 17. Re1 Nb4 18. Nxb4 cxb4 19. Nb5 Qd7 20. Qxe7 Re8 21. d6 a6 22. Bd5+ Kh8 23. Bxg5 Rxe7 24. Rxe7 Qd8 25. Bf4 axb5 26. axb5 Nxd5 27. cxd5 Rb7 28. Ra8 Rxe7 29. dxe7 Qe8 1-0

[Event "EU-ch Seniors 02nd"]
[Site "Saint Vincent"]
[Date "2002.09.30"]
[Round "3"]
[White "Bondar, Anatoly T"]
[Black "Litvinov, Vladimir"]
[Result "0-1"]
[WhiteElo "2206"]
[BlackElo "2390"]
[PlyCount "92"]
[EventDate "2002.09.28"]
[EventType "swiss"]
[EventRounds "9"]
[EventCountry "ITA"]
[SourceTitle "CBM 090 Extra"]
[Source "ChessBase"]
[SourceDate "2002.11.07"]
[SourceVersion "1"]
[SourceVersionDate "2002.11.07"]
[SourceQuality "1"]

1. e4 c5 2. Nc3 e6 3. g3 d5 4. Bg2 Nf6 5. d3 Be7 6. Nge2 dxe4 7. Nxe4 Nxe4 8. Bxe4 Nd7 9. 0-0 0-0 10. Nc3 Nf6 11. Bg2 Qb6 12. b3 Bd7 13. Bb2 Bc6 14. Ne4 Nxe4 15. dxe4 Rfd8 16. Qg4 Bf8 17. c4 Qa5 18. Rfc1 Rd3 19. Bf1 Rd7 20. Bc3 Qc7 21. Bg2 Rad8 22. Bf6 Rc8 23. f4 Rd2 24. Bf3 Rd3 25. Bg2 Qa5 26. Bh4 Rd2 27. a3 Rxg2+ 28. Kxg2 Qd2+ 29. Kf1 Bxe4 30. Qd1 Qg2+ 31. Ke1 Bf3 32. Qd3 Qg1+ 33. Kd2 Qf2+ 34. Kc3 g5 35. b4 Bg7+ 36. Kb3 Bxa1 37. Rxa1 Be2 38. Qd7 Qe3+ 39. Ka4 Rf8 40. Bxg5 Bxc4 41. Qxb7 Qb3+ 42. Ka5 Qb2 43. Qh1 cxb4 44. Qc1 Qd4 45. axb4 Qb6+ 46. Ka4 Qa6# 0-1

[Event "Moscow-ch"]
[Site "Moscow"]
[Date "2000.??.??"]
[Round "8"]
[White "Bondar, Anatoly T"]
[Black "Vorobiov, Evgeny E"]
[Result "1/2-1/2"]
[WhiteElo "2230"]
[BlackElo "2500"]
[PlyCount "45"]
[EventDate "2000.05.??"]
[EventType "swiss"]
[EventRounds "9"]
[EventCountry "RUS"]
[SourceTitle "EXT 2001"]
[Source "ChessBase"]
[SourceDate "2000.11.22"]
[SourceVersion "1"]
[SourceVersionDate "2000.11.22"]
[SourceQuality "1"]

1. e4 c5 2. Nc3 Nc6 3. g3 g6 4. Bg2 Bg7 5. f4 e6 6. Nf3 Nge7 7. d3 d6 8. Be3 0-0 9. Qd2 Nd4 10. 0-0 Rb8 11. Nd1 b6 12. Nh4 f5 13. Bf2 Qd7 14. c3 Ndc6 15. Ne3 Ba6 16. Rfd1 Rbe8 17. Qc2 Bb7 18. Nf3 Kh8 19. Qa4 a6 20. Qb3 b5 21. a4 c4 22. dxc4 fxe4 23. Ng5 1/2-1/2

[Event "Aceimar op 6th"]
[Site "Mondariz"]
[Date "1999.07.31"]
[Round "5"]
[White "Pogorelov, Ruslan"]
[Black "Bondar, Anatoly T"]
[Result "1/2-1/2"]
[WhiteElo "2489"]
[BlackElo "2250"]
[PlyCount "98"]
[EventDate "1999.07.27"]
[EventType "swiss"]
[EventRounds "9"]
[EventCountry "ESP"]
[SourceTitle "EXT 2000"]
[Source "ChessBase"]
[SourceDate "1999.11.16"]
[SourceVersion "1"]
[SourceVersionDate "1999.11.16"]
[SourceQuality "1"]

1. Nf3 f5 2. b3 Nf6 3. Bb2 g6 4. g3 Bg7 5. Bg2 0-0 6. 0-0 d6 7. d4 c6 8. c4 Na6 9. Nbd2 Qe8 10. Qc2 c5 11. Rad1 Rb8 12. Qb1 b6 13. e4 fxe4 14. Nxe4 Bf5 15. Nh4 Bxe4 16. Bxe4 Nxe4 17. Qxe4 cxd4 18. Bxd4 Bxd4 19. Qxd4 Nc5 20. Rfe1 Qf7 21. Qe3 Rbe8 22. Rd4 a5 23. Rf4 Qg7 24. Rxf8+ Qxf8 25. Ng2 Qf7 26. Nf4 e6 27. Nd5 Rb8 28. Nc3 Rf8 29. Rd1 Qe7 30. Ne4 Rd8 31. h4 e5 32. Nc3 Qf7 33. Nd5 Rb8 34. Kg2 Kg7 35. h5 gxh5 36. Rh1 b5 37. Qg5+ Kh8 38. Qxh5 Qxh5 39. Rxh5 bxc4 40. bxc4 Kg7 41. Rg5+ Kf7 42. Rf5+ Kg7 43. Rf3 Rb2 44. a3 Ne4 45. Nc7 Rc2 46. Ne6+ Kg6 47. Nf8+ Kg7 48. Ne6+ Kg6 49. Nf8+ Kg7 1/2-1/2

[Event "Aceimar op 6th"]
[Site "Mondariz"]
[Date "1999.07.28"]
[Round "2"]
[White "Bondar, Anatoly T"]
[Black "Georgiev, Vladimir"]
[Result "0-1"]
[WhiteElo "2250"]
[BlackElo "2519"]
[PlyCount "116"]
[EventDate "1999.07.27"]
[EventType "swiss"]
[EventRounds "9"]
[EventCountry "ESP"]
[SourceTitle "EXT 2000"]
[Source "ChessBase"]
[SourceDate "1999.11.16"]
[SourceVersion "1"]
[SourceVersionDate "1999.11.16"]
[SourceQuality "1"]

1. e4 c5 2. Nc3 Nc6 3. f4 g6 4. Nf3 Bg7 5. d3 d6 6. g3 Rb8 7. Bg2 b5 8. 0-0 b4 9. Nd5 e6 10. Ne3 Nge7 11. g4 Nd4 12. Nxd4 Bxd4 13. Qe1 Qc7 14. c3 bxc3 15. bxc3 Bg7 16. f5 Be5 17. Nc4 Nc6 18. Nxe5 Nxe5 19. Qg3 Ba6 20. Bf4 Rf8 21. Bxe5 dxe5 22. fxe6 fxe6 23. Rxf8+ Kxf8 24. g5 Kg7 25. Rf1 Rf8 26. Rxf8 Kxf8 27. Qf2+ Ke7 28. Qf6+ Kd6 29. Bh3 Bc8 30. Qf8+ Kc6 31. Qe8+ Qd7 32. Qh8 c4 33. dxc4 Qc7 34. Qe8+ Bd7 35. Qe7 Qb6+ 36. Kg2 Qb2+ 37. Kg3 Qxc3+ 38. Kh4 Qxc4 39. Qd8 Qxe4+ 40. Bg4 Qe1+ 41. Kh3 Qf1+ 42. Kg3 Qg1+ 43. Kh3 Qe3+ 44. Kg2 e4 45. Qa8+ Kc7 46. h4 Bc6 47. Qh8 Qd2+ 48. Kh3 e3 49. Qe5+ Kb7 50. h5 Qg2+ 51. Kh4 Qf2+ 52. Qg3 Bd5 53. hxg6 hxg6 54. a3 Kc6 55. Bh3 Qxg3+ 56. Kxg3 Kc5 57. Bf1 Kd4 58. Bb5 Kc3 0-1

[Event "RUS-Cup03 Geller Memorial"]
[Site "Moscow"]
[Date "1999.02.10"]
[Round "1"]
[White "Bondar, Anatoly T"]
[Black "Dragomarezkij, Evgeni"]
[Result "0-1"]
[WhiteElo "2303"]
[BlackElo "2486"]
[PlyCount "88"]
[EventDate "1999.02.10"]
[EventType "swiss"]
[EventRounds "9"]
[EventCountry "RUS"]
[SourceTitle "CBM 070"]
[Source "ChessBase"]
[SourceDate "1999.06.08"]
[SourceVersion "1"]
[SourceVersionDate "1999.06.08"]
[SourceQuality "1"]

1. e4 c5 2. Nc3 Nc6 3. f4 g6 4. Nf3 Bg7 5. g3 e6 6. Bg2 Nge7 7. 0-0 0-0 8. d3 d6 9. Be3 Nd4 10. Qd2 Rb8 11. Qf2 Nec6 12. Nd1 b6 13. Nh4 Ne7 14. c3 Nb5 15. Qc2 d5 16. Nf2 f5 17. Rad1 d4 18. Bd2 dxc3 19. bxc3 Kh8 20. Nf3 Nc6 21. Ng5 Qd7 22. Rfe1 Nc7 23. Be3 Bb7 24. g4 Rbe8 25. d4 cxd4 26. cxd4 fxe4 27. Bxe4 Nb4 28. Qb1 Bxe4 29. Nfxe4 Nbd5 30. Nxh7 Kxh7 31. Ng5+ Kg8 32. Qxg6 Rf6 33. Qh7+ Kf8 34. Bc1 b5 35. Qb1 Rh6 36. f5 exf5 37. Rf1 f4 38. Bxf4 Qxg4+ 39. Bg3+ Kg8 40. Nf7 Rh3 41. Ne5 Rxg3+ 42. hxg3 Qxg3+ 43. Kh1 Re6 44. Nf7 Re2 0-1

[Event "Moscow-ch"]
[Site "Moscow"]
[Date "1999.??.??"]
[Round "3"]
[White "Loshkarev, Dmitri"]
[Black "Bondar, Anatoly T"]
[Result "0-1"]
[WhiteElo "2100"]
[BlackElo "2303"]
[PlyCount "58"]
[EventDate "1999.??.??"]
[EventType "swiss"]
[EventRounds "9"]
[EventCountry "RUS"]
[SourceTitle "EXT 2001"]
[Source "ChessBase"]
[SourceDate "2000.11.22"]
[SourceVersion "1"]
[SourceVersionDate "2000.11.22"]
[SourceQuality "1"]

1. e4 Nc6 2. Nf3 d6 3. d4 Nf6 4. Nc3 g6 5. Bg5 Bg7 6. Qd2 Bg4 7. h3 Bxf3 8. gxf3 a6 9. 0-0-0 Nd7 10. Qe3 h6 11. Bh4 Nxd4 12. Rxd4 Bxd4 13. Qxd4 e5 14. Bxd8 exd4 15. Bxc7 dxc3 16. Bxd6 cxb2+ 17. Kxb2 0-0-0 18. h4 b5 19. c4 Nb6 20. c5 Kb7 21. e5 Na4+ 22. Ka3 Kc6 23. Bd3 Nxc5 24. Rc1 Rxd6 25. exd6 Kxd6 26. Bf1 Kc6 27. f4 Rd8 28. Rc3 a5 29. Rf3 Rd2 0-1

[Event "Moscow-ch"]
[Site "Moscow"]
[Date "1999.??.??"]
[Round "7"]
[White "Moizhess, Igor"]
[Black "Bondar, Anatoly T"]
[Result "1-0"]
[WhiteElo "2400"]
[BlackElo "2303"]
[PlyCount "76"]
[EventDate "1999.??.??"]
[EventType "swiss"]
[EventRounds "9"]
[EventCountry "RUS"]
[SourceTitle "EXT 2001"]
[Source "ChessBase"]
[SourceDate "2000.11.22"]
[SourceVersion "1"]
[SourceVersionDate "2000.11.22"]
[SourceQuality "1"]

1. d4 f5 2. g3 Nf6 3. Bg2 g6 4. Nf3 Bg7 5. 0-0 0-0 6. b3 d6 7. Bb2 c6 8. c4 Na6 9. Nc3 Qe8 10. d5 c5 11. Qc2 Nc7 12. e4 Nxe4 13. Nxe4 fxe4 14. Ng5 Bxb2 15. Qxb2 b5 16. Rae1 Bf5 17. Bxe4 bxc4 18. bxc4 Rb8 19. Qc3 Bg4 20. Bg2 h6 21. Re4 Bf5 22. Rh4 h5 23. h3 Rf6 24. g4 Bb1 25. Bf3 Rf4 26. Kg2 Rb4 27. Be2 e5 28. Qg3 Qe7 29. gxh5 Rxh4 30. Qxh4 Nxd5 31. Bg4 Nf4+ 32. Kh2 gxh5 33. Bxh5 Bg6 34. Bf3 Rb1 35. Rxb1 Bxb1 36. Qg4 Bg6 37. Qc8+ Qf8 38. Qc7 Qf6 1-0

[Event "RUS-Cup02"]
[Site "Moscow"]
[Date "1998.??.??"]
[Round "1"]
[White "Bondar, Anatoly T"]
[Black "Danielian, Oganes"]
[Result "0-1"]
[WhiteElo "2190"]
[BlackElo "2450"]
[PlyCount "87"]
[EventDate "1998.01.21"]
[EventType "swiss"]
[EventRounds "9"]
[EventCountry "RUS"]
[SourceTitle "EXT 1999"]
[Source "ChessBase"]
[SourceDate "1998.11.16"]
[SourceVersion "1"]
[SourceVersionDate "1998.11.16"]
[SourceQuality "1"]

1. e4 e6 2. d4 d5 3. exd5 exd5 4. Nf3 Nc6 5. Bb5 Bd6 6. 0-0 Nge7 7. c4 dxc4 8. Nc3 0-0 9. Bxc4 Bg4 10. Be3 Nf5 11. Qd3 Nxe3 12. fxe3 Kh8 13. Nb5 Be7 14. Qe4 f5 15. Qd5 Bd6 16. Nxd6 cxd6 17. Rac1 a6 18. Bb3 Rb8 19. Rc3 h6 20. Nd2 Rf6 21. Bc2 Ne7 22. Qb3 b5 23. Bd1 Bxd1 24. Qxd1 Nd5 25. Rb3 a5 26. e4 fxe4 27. Nxe4 Rxf1+ 28. Qxf1 Qb6 29. Rd3 Nb4 30. Rd2 Nxa2 31. Qf7 Nb4 32. Qe7 d5 33. Nd6 Nc6 34. Nf7+ Kh7 35. Qe3 Qc7 36. Rf2 Rf8 37. Qd3+ Kg8 38. Nxh6+ gxh6 39. Qg6+ Qg7 40. Qxc6 Rxf2 41. Kxf2 Qxd4+ 42. Kf1 Qc4+ 43. Qxc4 dxc4 44. Ke2 0-1

[Event "RUS-Cup02"]
[Site "Moscow"]
[Date "1998.??.??"]
[Round "4"]
[White "Stepovoj, Vladimir"]
[Black "Bondar, Anatoly T"]
[Result "0-1"]
[WhiteElo "2325"]
[BlackElo "2190"]
[PlyCount "52"]
[EventDate "1998.01.21"]
[EventType "swiss"]
[EventRounds "9"]
[EventCountry "RUS"]
[SourceTitle "EXT 1999"]
[Source "ChessBase"]
[SourceDate "1998.11.16"]
[SourceVersion "1"]
[SourceVersionDate "1998.11.16"]
[SourceQuality "1"]

1. e4 Nc6 2. Nf3 d6 3. d4 Nf6 4. Nc3 Bg4 5. Be3 e5 6. d5 Nb8 7. h3 Bh5 8. Be2 c6 9. Qd3 Bg6 10. Nh4 c5 11. g4 a6 12. a4 Bxe4 13. Nxe4 Nxe4 14. Qxe4 Qxh4 15. Qf5 Qd8 16. f4 exf4 17. 0-0 Be7 18. Bxf4 0-0 19. Bd3 g6 20. Qe4 Bf6 21. c3 Re8 22. Qf3 Nd7 23. Bxd6 c4 24. a5 cxd3 25. g5 Be5 26. Qxf7+ Kh8 0-1

[Event "RUS-Cup2"]
[Site "Moscow"]
[Date "1996.??.??"]
[Round "7"]
[White "Umanskaya, Irina"]
[Black "Bondar, Anatoly T"]
[Result "0-1"]
[WhiteElo "2295"]
[BlackElo "2200"]
[PlyCount "102"]
[EventDate "1996.11.28"]
[EventType "swiss"]
[EventRounds "9"]
[EventCountry "RUS"]
[SourceTitle "CBM 056 Extra"]
[Source "ChessBase"]
[SourceDate "1997.03.01"]
[SourceVersion "1"]
[SourceVersionDate "1997.03.01"]
[SourceQuality "1"]

1. d4 f5 2. g3 Nf6 3. Bg2 g6 4. b3 Bg7 5. Bb2 0-0 6. Nf3 d6 7. 0-0 c6 8. c4 Na6 9. Nbd2 Ne4 10. a3 Qb6 11. b4 Nc7 12. c5 Qa6 13. cxd6 exd6 14. Re1 Bd7 15. e3 Rae8 16. Qc2 b5 17. Nb3 Nd5 18. Nfd2 Ndf6 19. Rac1 Bh6 20. Nxe4 fxe4 21. Na5 Ng4 22. Re2 Rxf2 23. Rxf2 Bxe3 24. Rcf1 Qc8 25. Bc3 Nxf2 26. Rxf2 Bxf2+ 27. Qxf2 e3 28. Qf3 e2 29. Be1 d5 30. Nb3 Bg4 31. Qd3 Qe6 32. Nd2 Qe3+ 33. Qxe3 Rxe3 34. h3 Bf5 35. Kf2 Rxa3 36. Kxe2 Bd3+ 37. Kf2 a5 38. bxa5 b4 39. Bf1 Bxf1 40. Kxf1 Rxa5 41. Ke2 Ra2 42. Kd3 Ra1 43. Ke2 Kf7 44. g4 Ra3 45. Nf3 b3 46. Ne5+ Ke6 47. Bc3 Ra2+ 48. Kd1 Rh2 49. Nd3 Kf6 50. Bd2 Rxh3 51. Nc5 Rh1+ 0-1

[Event "Moscow op2"]
[Site "Moscow"]
[Date "1995.??.??"]
[Round "1"]
[White "Bondar, Anatoly T"]
[Black "Vaulin, Alexander"]
[Result "0-1"]
[WhiteElo "2255"]
[BlackElo "2490"]
[PlyCount "65"]
[EventDate "1995.11.??"]
[EventType "swiss"]
[EventRounds "9"]
[EventCountry "RUS"]
[SourceTitle "CBM 050 Extra"]
[Source "ChessBase"]
[SourceDate "1996.03.01"]
[SourceVersion "1"]
[SourceVersionDate "1996.03.01"]
[SourceQuality "1"]

1. e4 c5 2. Nc3 Nc6 3. f4 g6 4. Nf3 Bg7 5. d3 d6 6. g3 e6 7. Bg2 Nge7 8. 0-0 Rb8 9. a4 0-0 10. Be3 Nd4 11. Rb1 Bd7 12. Nd2 Bc6 13. Nc4 b6 14. Qd2 a6 15. a5 b5 16. Nb6 Nc8 17. Nxc8 Rxc8 18. Ne2 Nxe2+ 19. Qxe2 Qxa5 20. f5 exf5 21. exf5 Bxg2 22. Qxg2 Rfe8 23. fxg6 hxg6 24. Bg5 Qc7 25. h4 Re6 26. h5 c4 27. Qf2 cxd3 28. cxd3 Qc5 29. Qxc5 Rxc5 30. Bf4 Rxh5 31. Ra1 Re2 32. Rf3 Bd4+ 33. Kf1 0-1

[Event "Moscow op2"]
[Site "Moscow"]
[Date "1995.??.??"]
[Round "8"]
[White "Genba, Vladimir"]
[Black "Bondar, Anatoly T"]
[Result "1-0"]
[WhiteElo "2410"]
[BlackElo "2255"]
[PlyCount "59"]
[EventDate "1995.11.??"]
[EventType "swiss"]
[EventRounds "9"]
[EventCountry "RUS"]
[SourceTitle "CBM 050 Extra"]
[Source "ChessBase"]
[SourceDate "1996.03.01"]
[SourceVersion "1"]
[SourceVersionDate "1996.03.01"]
[SourceQuality "1"]

1. e4 Nc6 2. Nf3 d6 3. d4 Nf6 4. Nc3 Bg4 5. Be2 e5 6. d5 Bxf3 7. gxf3 Nb8 8. f4 Nbd7 9. fxe5 dxe5 10. Rg1 g6 11. Bb5 a6 12. Bxd7+ Qxd7 13. Bg5 Nh5 14. Qf3 f6 15. Bd2 Bc5 16. 0-0-0 0-0-0 17. Be3 Qd6 18. Na4 Bxe3+ 19. Qxe3 Nf4 20. Qa7 c6 21. Rge1 cxd5 22. Nb6+ Kc7 23. Nxd5+ Nxd5 24. Rxd5 Qf8 25. Rc5+ Kd6 26. Qb6+ Ke7 27. Rc7+ Rd7 28. Rd1 Qh6+ 29. Kb1 Rhd8 30. Qd6+ 1-0